1191 1945 1605 1288 1710 1810 1140 1442 1370 1826 1330 1162 1541 1058 1459 1379 1757 1260 1517 1062 1591 1387 1738 1466 1744 1014 1994 1184 1378 1110 1723 1487 1814 1842 1296 1557 1776 1617 1775 1622 1375 1593 1814 1902 1019 1028 1502 1221 1263 1647 1967 1446 1148 1256 1146 1442 1515 1890 1813 1521 1803 1575 1064 1620 1859 1887 1471 1568 1397 1543 1704 1065 1020 1548 1746 1667 1618 1854 1036 1009 1741 1721 1230 1830 1113 1170 1358 1036 1189 1213 1652 1484 1120 1952 1811 1053 1859 1762 1063 BCNSPRNW ULIB Ver.6.0+V

เปลี่ยนเป็นภาษาไทย

Change to English
 แสดงรายละเอียดบรรณานุกรม
  กลับหน้าหลัก

Brief Record : Get Marc (ISO 2709) : E-mail record : QR code < ปิดหน้าต่าง
LEADER : 00000nam 2200000uu 4500
001    13399115246
003     ULIB
008    120808s2550||||th 000 0 tha d
020    ^a9789746451451
060 04 ^aWA671^bม246อ 2550
245 10 ^aอนามัยสิ่งแวดล้อม หน่วยที่ 1-7 =^bEnvironmental health
246 31 ^aEnvironmental health
250    ^aพิมพ์ครั้งที่ 6
260    ^a[นนทบุรี] :^bสำนักพิมพ์มหาวิทยาลัยสุโขทัยธรรมาธิราช,^c2550
300    ^a2 เล่ม :^bภาพประกอบ ;^c30 ซม.
500    ^a"เอกสารการสอนรายวิชา 52203 หน่วยที่ 1-7, 8-15" -- หน้าปกใน
500    ^aสิ่งพิมพ์ของ มหาวิทยาลัยสุโขทัยธรรมาธิราช
500    ^aSend to Single Search
591    ^aLICL มีปี 2528, 2546
650  4 ^aสุขาภิบาลสิ่งแวดล้อม
700 0  ^aสนธิ คชวัฒน์
710 2  ^aมหาวิทยาลัยสุโขทัยธรรมาธิราช. ^bสาขาวิชาวิทยาศาสตร์สุขภาพ
945    ^p0^l0^i14649
945    ^p0^l0^i14650
945    ^p0^l0^i14651
995    ^aกัณชพร
999 ^a ใช้งานได้ทุกระบบ
รายการนี้ยังไม่มีแท็ก
คุณยังไม่ได้ล็อกอิน คุณสามารถมีกิจกรรมร่วมกับเว็บไซต์ได้ แต่ต้องล็อกอินก่อน ::
  ล็อกอิน

รายการสื่อสารสนเทศ

ลำดับที่ ประเภท เลขเรียก/บาร์โค้ด สถานที่ สถานะ
- ไม่พบข้อมูล -

รายการใกล้เคียง
    หัวเรื่อง [สุขาภิบาลสิ่งแวดล้อม]

BibComment


ยังไม่เคยถูกคอมเมนท์

คอมเมนท์ทรัพยากรรายการนี้
  คอมเมนท์: อนามัยสิ่งแวดล้อ..


 Copyright 2026. Bcnsprnw @Library